[Event "Berlin Eckbauer op 21st"]
[Site "Berlin"]
[Date "2018.11.05"]
[Round "4"]
[White "Stoeckel, Johannes"]
[Black "Riess, Bernhard"]
[Result "1/2-1/2"]
[WhiteElo "1770"]
[BlackElo "1551"]
[PlyCount "146"]
[EventDate "2018.10.08"]
[EventType "swiss"]
[EventRounds "7"]
[EventCountry "GER"]
[SourceTitle "CBM 189 Extra"]
[Source "ChessBase"]
[SourceDate "2019.06.03"]
[SourceVersion "1"]
[SourceVersionDate "2019.06.03"]
[SourceQuality "1"]

1. Nf3 c6 2. c4 d5 3. Qc2 Nf6 4. Nc3 e6 5. e3 Be7 6. b3 0-0 7. d4 b6 8. Bd3 Bb7 9. 0-0 Nbd7 10. Bb2 Rc8 11. Qe2 c5 12. cxd5 exd5 13. Bf5 Ra8 14. Rfe1 Re8 15. Qc2 g6 16. Bh3 Ne4 17. Bxd7 Qxd7 18. Ne5 Qc8 19. Nxe4 dxe4 20. Qc4 Qe6 21. Qxe6 fxe6 22. dxc5 Bxc5 23. Nd7 Be7 24. Nf6+ Bxf6 25. Bxf6 Kf7 26. Be5 Rad8 27. Rac1 Rd3 28. h4 Red8 29. Rc7+ R8d7 30. Rxd7+ Rxd7 31. Rc1 Ke8 32. Rc2 Kf7 33. Kh2 Ke8 34. Kg3 h5 35. Rc7 Rxc7 36. Bxc7 b5 37. a3 a6 38. b4 Kf7 39. Kf4 Bd5 40. Ke5 Ke7 41. Bb6 Kf7 42. Bd8 Ke8 43. Bg5 Kf7 44. Kd6 Ke8 45. Kc7 Bc4 46. Bf6 Bd5 47. Be5 Bc4 48. Kb6 Kd7 49. Kxa6 Kc8 50. Kb6 Bf1 51. g3 Bc4 52. Kc5 Bd3 53. Kd6 Bc4 54. Ke7 Bb3 55. Kf6 Kd7 56. Kxg6 Bd1 57. Kf6 Bb3 58. Kg5 Bd1 59. Kf4 Bf3 60. Kg5 Kc6 61. Kf6 Kd5 62. Bd4 Bg4 63. Ke7 Kc6 64. Bc5 Bf5 65. Bd4 Bg4 66. Kd8 Bf5 67. Be5 Bg4 68. Kc8 Kd5 69. Bf6 Kc4 70. Kc7 Kb3 71. Kb6 Ka4 72. Kc5 Bf5 73. Be7 Bg4 1/2-1/2

[Event "Berlin Eckbauer op 21st"]
[Site "Berlin"]
[Date "2018.10.22"]
[Round "3"]
[White "Rohrbach, Stephan"]
[Black "Stoeckel, Johannes"]
[Result "1/2-1/2"]
[WhiteElo "1811"]
[BlackElo "1770"]
[PlyCount "80"]
[EventDate "2018.10.08"]
[EventType "swiss"]
[EventRounds "7"]
[EventCountry "GER"]
[SourceTitle "CBM 189 Extra"]
[Source "ChessBase"]
[SourceDate "2019.06.03"]
[SourceVersion "1"]
[SourceVersionDate "2019.06.03"]
[SourceQuality "1"]

1. f4 d5 2. Nf3 Nf6 3. e3 c5 4. b3 e6 5. Bb2 Be7 6. Bd3 0-0 7. Nc3 Nc6 8. Ne2 Nb4 9. Ng3 Nxd3+ 10. cxd3 Bd7 11. Ne5 Bb5 12. d4 cxd4 13. Bxd4 Ba3 14. Ng4 Be7 15. a4 Bd3 16. Ne5 Bg6 17. 0-0 Nd7 18. Nxg6 hxg6 19. Rc1 b6 20. d3 Rc8 21. Rc2 Ba3 22. Rff2 Bc5 23. Bxc5 Nxc5 24. d4 Na6 25. Rxc8 Qxc8 26. Rc2 Qb8 27. Qd2 Rc8 28. Rc3 Rxc3 29. Qxc3 Qc7 30. Ne2 Kf8 31. Qxc7 Nxc7 32. Nc1 Ke7 33. Nd3 f6 34. g4 Kd7 35. h4 Ne8 36. Kf1 Nd6 37. Nf2 Kc6 38. Ke2 Nb7 39. Kd2 a6 40. Nd3 Nd6 1/2-1/2

[Event "Berlin Eckbauer op 20th"]
[Site "Berlin"]
[Date "2017.11.06"]
[Round "4"]
[White "Stoeckel, Johannes"]
[Black "Neuenbaumer, Jan Holger"]
[Result "0-1"]
[WhiteElo "1813"]
[BlackElo "1912"]
[PlyCount "66"]
[EventDate "2017.10.09"]
[EventType "swiss"]
[EventRounds "7"]
[EventCountry "GER"]
[SourceTitle "CBM 189 Extra"]
[Source "ChessBase"]
[SourceDate "2019.06.03"]
[SourceVersion "1"]
[SourceVersionDate "2019.06.03"]
[SourceQuality "1"]

1. Nf3 d5 2. c4 c6 3. cxd5 cxd5 4. d4 Nc6 5. Nc3 Bf5 6. Qb3 Nf6 7. Qxb7 Na5 8. Qb5+ Bd7 9. Qd3 e6 10. Ne5 Be7 11. e3 0-0 12. Nxd7 Qxd7 13. Be2 Rab8 14. 0-0 Rfc8 15. b3 Rb7 16. Bd2 Bb4 17. f3 Nc6 18. Na4 Qd6 19. Rfc1 Ba3 20. Rc2 Nd7 21. Qa6 Rbc7 22. Ba5 Nxa5 23. Qxc8+ Rxc8 24. Rxc8+ Nf8 25. Nc5 g6 26. Rb1 Bb4 27. Kf2 Kg7 28. f4 Nd7 29. Nxd7 Qxd7 30. Rbc1 Bd6 31. R8c2 Ba3 32. Rc7 Qd8 33. Rc8 Qh4+ 0-1

[Event "Berlin Eckbauer op 19th"]
[Site "Berlin"]
[Date "2016.11.21"]
[Round "6"]
[White "Stoeckel, Johannes"]
[Black "Landt, Stefan"]
[Result "1/2-1/2"]
[WhiteElo "1816"]
[BlackElo "1913"]
[PlyCount "119"]
[EventDate "2016.10.10"]
[EventType "swiss"]
[EventRounds "7"]
[EventCountry "GER"]
[SourceTitle "EXT 2022"]
[Source "ChessBase"]
[SourceDate "2021.10.06"]
[SourceVersion "1"]
[SourceVersionDate "2021.10.06"]
[SourceQuality "1"]

1. Nf3 Nf6 2. c4 e6 3. g3 d5 4. Bg2 Be7 5. d4 0-0 6. Nc3 c6 7. b3 Nbd7 8. 0-0 a6 9. Qc2 Re8 10. e4 dxe4 11. Ng5 e5 12. dxe5 Nxe5 13. Ngxe4 Qd3 14. Qxd3 Nxd3 15. Bd2 Nxe4 16. Nxe4 f5 17. Ng5 Bf6 18. Rad1 Bd8 19. Be3 Ne5 20. Rfe1 h6 21. Nf3 Ba5 22. Re2 Ng4 23. Kf1 Nxe3+ 24. Rxe3 Rxe3 25. fxe3 Be6 26. Rd6 Re8 27. Kf2 Bc7 28. Rd3 Bb6 29. Nd4 Bc8 30. b4 c5 31. bxc5 Bxc5 32. Bd5+ Kf8 33. Rb3 Re7 34. a4 g5 35. Kf3 Kg7 36. Rd3 Kf6 37. Nb3 Ba7 38. Na5 Bb6 39. Nb3 Bc7 40. Nd4 Bd6 41. Rb3 Ke5 42. Rb6 Bc5 43. Rxh6 Bxd4 44. exd4+ Kxd4 45. h4 Re3+ 46. Kf2 gxh4 47. gxh4 Rh3 48. Rh8 Bd7 49. Bxb7 a5 50. Rd8 Rxh4 51. Rxd7+ Kxc4 52. Bc6 Kb3 53. Kg3 Rxa4 54. Bxa4+ Kxa4 55. Rd5 Kb4 56. Rxf5 a4 57. Kf3 a3 58. Ke3 a2 59. Rf1 Kc3 60. Ra1 1/2-1/2

[Event "Berlin Eckbauer op 19th"]
[Site "Berlin"]
[Date "2016.10.31"]
[Round "3"]
[White "Hasic, Mirza"]
[Black "Stoeckel, Johannes"]
[Result "1/2-1/2"]
[WhiteElo "2027"]
[BlackElo "1816"]
[PlyCount "90"]
[EventDate "2016.10.10"]
[EventType "swiss"]
[EventRounds "7"]
[EventCountry "GER"]
[SourceTitle "EXT 2022"]
[Source "ChessBase"]
[SourceDate "2021.10.06"]
[SourceVersion "1"]
[SourceVersionDate "2021.10.06"]
[SourceQuality "1"]

1. d4 Nf6 2. Nf3 e6 3. c4 d5 4. Nc3 Be7 5. cxd5 exd5 6. Bg5 0-0 7. e3 c6 8. Qc2 Bg4 9. Bd3 Nbd7 10. 0-0-0 c5 11. dxc5 Nxc5 12. Bf5 Bxf5 13. Qxf5 Rc8 14. Kb1 Qb6 15. Nd4 Nce4 16. Nxe4 dxe4 17. Bxf6 Bxf6 18. Qxe4 Rfe8 19. Qd3 Rcd8 20. Rd2 h6 21. Rhd1 a5 22. Qb3 Qc7 23. Nf3 Rxd2 24. Rxd2 Rc8 25. Rd1 Qc6 26. a3 a4 27. Qd3 Qb6 28. Nd4 Rd8 29. Qc4 Qa5 30. f3 Qg5 31. Qe2 Qc5 32. Qc2 Qg5 33. f4 Qa5 34. g3 Qa6 35. Qc3 Qd6 36. Qc4 Qd7 37. Rd2 Rc8 38. Qb5 Qe7 39. Qd3 Rd8 40. h3 Qd7 41. g4 Qd5 42. Rd1 Qg2 43. Qf1 Qe4+ 44. Qd3 Qg2 45. Qf1 Qe4+ 1/2-1/2

[Event "Berlin-ch QT"]
[Site "Berlin"]
[Date "2016.03.26"]
[Round "1"]
[White "Welz, Peter"]
[Black "Stoeckel, Johannes"]
[Result "1-0"]
[WhiteElo "2118"]
[BlackElo "1810"]
[PlyCount "51"]
[EventDate "2016.03.26"]
[EventType "swiss"]
[EventRounds "9"]
[EventCountry "GER"]
[SourceTitle "EXT 2022"]
[Source "ChessBase"]
[SourceDate "2021.10.06"]
[SourceVersion "1"]
[SourceVersionDate "2021.10.06"]
[SourceQuality "1"]

1. e4 d5 2. exd5 Nf6 3. c4 c6 4. dxc6 Nxc6 5. Nf3 e5 6. d3 Bc5 7. Be2 0-0 8. 0-0 Bf5 9. a3 a5 10. Nc3 Qe7 11. Bg5 Qe6 12. Bxf6 Qxf6 13. Nd5 Qd6 14. Qd2 Rad8 15. h3 Be6 16. Ne3 h6 17. Rad1 f5 18. Qc2 g5 19. g4 fxg4 20. Nxg4 Rxf3 21. d4 Bxg4 22. dxc5 Qe6 23. Rxd8+ Nxd8 24. Qd1 Nc6 25. Bxf3 Bxh3 26. Bd5 1-0

[Event "Berlin Eckbauer op 18th"]
[Site "Berlin"]
[Date "2015.10.12"]
[Round "2"]
[White "Stoeckel, Johannes"]
[Black "Hankow, Bert Juergen"]
[Result "1/2-1/2"]
[WhiteElo "1807"]
[BlackElo "2018"]
[PlyCount "92"]
[EventDate "2015.10.05"]
[EventType "swiss"]
[EventRounds "7"]
[EventCountry "GER"]
[SourceTitle "EXT 2022"]
[Source "ChessBase"]
[SourceDate "2021.10.06"]
[SourceVersion "1"]
[SourceVersionDate "2021.10.06"]
[SourceQuality "1"]

1. Nf3 d5 2. c4 d4 3. e3 Nc6 4. exd4 Nxd4 5. Nxd4 Qxd4 6. Nc3 e5 7. d3 Ne7 8. Be3 Qd8 9. Qa4+ Bd7 10. Qc2 Nf5 11. 0-0-0 Nxe3 12. fxe3 Qg5 13. Qd2 0-0-0 14. Ne4 Qh6 15. h4 Be7 16. Re1 Bc6 17. Nf2 Qd6 18. d4 exd4 19. exd4 f5 20. d5 Bd7 21. Qe3 Qc5 22. Nd3 Qxe3+ 23. Rxe3 Bf6 24. g3 Rde8 25. Kd2 Bd4 26. Rxe8+ Rxe8 27. Rh2 c6 28. Re2 cxd5 29. cxd5 Rxe2+ 30. Bxe2 Kc7 31. b3 Kd6 32. Nf4 Bf2 33. Nh5 g6 34. Nf6 Bxg3 35. Nxd7 Kxd7 36. h5 g5 37. Bd3 Kd6 38. Bxf5 h6 39. Be6 Ke5 40. Kd3 Bf2 41. Ke2 Bc5 42. Kf3 Bd6 43. Kg4 Ke4 44. Bf7 b5 45. Be6 b4 46. Bg8 Ke5 1/2-1/2

[Event "Berlin Lieb Memorial 1st"]
[Site "Berlin"]
[Date "2015.05.28"]
[Round "2"]
[White "Stoeckel, Johannes"]
[Black "Gerisch, Hans Dieter"]
[Result "1-0"]
[WhiteElo "1809"]
[BlackElo "1566"]
[PlyCount "115"]
[EventDate "2015.05.21"]
[EventType "swiss"]
[EventRounds "7"]
[EventCountry "GER"]
[SourceTitle "EXT 2022"]
[Source "ChessBase"]
[SourceDate "2021.10.06"]
[SourceVersion "1"]
[SourceVersionDate "2021.10.06"]
[SourceQuality "1"]

1. Nf3 Nf6 2. c4 e6 3. g3 d5 4. Bg2 Be7 5. d4 0-0 6. 0-0 Nbd7 7. cxd5 exd5 8. Nc3 c6 9. Qc2 Re8 10. a3 b6 11. b4 Bb7 12. Rb1 Rb8 13. Bf4 Rc8 14. Bh3 Ra8 15. Rfd1 Nf8 16. Ne5 Ng6 17. Nxg6 fxg6 18. Qb3 Bc8 19. Bg2 Kh8 20. Rbc1 Nh5 21. Bd2 Nf6 22. b5 Bb7 23. bxc6 Bxc6 24. e3 Qd7 25. Re1 Bf8 26. Na2 Rad8 27. Bb4 Bb7 28. Bxf8 Rxf8 29. Nb4 Rc8 30. Nd3 Rxc1 31. Rxc1 Rc8 32. Rxc8+ Qxc8 33. Qd1 Qc6 34. Ne5 Nd7 35. Nxd7 Qxd7 36. Qc2 Qc6 37. Qxc6 Bxc6 38. Kf1 Kg8 39. Ke1 Kf8 40. Kd2 Ke7 41. f3 Kd6 42. e4 Ke6 43. Bh3+ Ke7 44. e5 Be8 45. f4 Bd7 46. Bxd7 Kxd7 47. a4 a6 48. g4 Ke6 49. Kc3 h5 50. h3 Ke7 51. Kd3 Ke6 52. Ke3 Ke7 53. f5 hxg4 54. hxg4 g5 55. Kd3 Kd7 56. a5 b5 57. Kc3 Ke7 58. Kb4 1-0

[Event "Berlin Eckbauer op 17th"]
[Site "Berlin"]
[Date "2014.10.27"]
[Round "3"]
[White "Mayer, Herbert"]
[Black "Stoeckel, Johannes"]
[Result "0-1"]
[WhiteElo "1970"]
[BlackElo "1813"]
[PlyCount "106"]
[EventDate "2014.10.06"]
[EventType "swiss"]
[EventRounds "7"]
[EventCountry "GER"]
[SourceTitle "EXT 2022"]
[Source "ChessBase"]
[SourceDate "2021.10.06"]
[SourceVersion "1"]
[SourceVersionDate "2021.10.06"]
[SourceQuality "1"]

1. c4 Nf6 2. Nc3 g6 3. g3 Bg7 4. Bg2 0-0 5. Nf3 d6 6. 0-0 e5 7. Rb1 a5 8. d3 c6 9. Bd2 h6 10. Ne1 d5 11. cxd5 Nxd5 12. Qc1 Kh7 13. f4 exf4 14. Nxd5 cxd5 15. Bxf4 Nc6 16. Kh1 Be6 17. Nc2 Rc8 18. Qd1 Qd7 19. Bd2 d4 20. b3 Bh3 21. Ne1 Bxg2+ 22. Kxg2 Rce8 23. Nf3 Re7 24. Rf2 Qd5 25. Kg1 Rfe8 26. Qf1 Qh5 27. Rb2 Kg8 28. Rc2 Qg4 29. Bc1 Nb4 30. Rd2 Rc7 31. Qd1 Qd7 32. a3 Nd5 33. Rb2 Rec8 34. Bd2 b6 35. Ne1 Ne3 36. Qb1 Nd5 37. Rc2 Rxc2 38. Nxc2 Qc6 39. Ne1 Nc3 40. Qa1 Qe6 41. Qc1 Qxb3 42. Bxc3 dxc3 43. Nc2 b5 44. e3 b4 45. d4 Bf8 46. axb4 axb4 47. e4 Qc4 48. Qf4 b3 49. Ne3 Qc7 50. e5 Qb7 51. Ng4 b2 52. Nf6+ Kh8 53. Rf1 b1Q 0-1

[Event "Berlin Eckbauer op 16th"]
[Site "Berlin"]
[Date "2013.11.04"]
[Round "5"]
[White "Stoeckel, Johannes"]
[Black "Steiner, Wolfram"]
[Result "0-1"]
[WhiteElo "1861"]
[BlackElo "1978"]
[PlyCount "42"]
[EventDate "2013.10.07"]
[EventType "swiss"]
[EventRounds "7"]
[EventCountry "GER"]
[SourceTitle "EXT 2022"]
[Source "ChessBase"]
[SourceDate "2021.10.06"]
[SourceVersion "1"]
[SourceVersionDate "2021.10.06"]
[SourceQuality "1"]

1. Nf3 d5 2. c4 c6 3. b3 Nf6 4. g3 Bg4 5. Bg2 e6 6. 0-0 Bd6 7. Bb2 0-0 8. d3 Nbd7 9. Nbd2 a5 10. Re1 e5 11. cxd5 cxd5 12. d4 e4 13. Ne5 Re8 14. Nxg4 Nxg4 15. e3 h5 16. f3 Nxh2 17. Kxh2 Qh4+ 18. Kg1 Bxg3 19. fxe4 dxe4 20. d5 Nc5 21. Nf1 Bf2# 0-1

[Event "Berlin-ch qualification"]
[Site "Berlin-Lichtenrade"]
[Date "2012.04.09"]
[Round "3.10"]
[White "Jaeger, Andre"]
[Black "Stoeckel, Johannes"]
[Result "1/2-1/2"]
[WhiteElo "2001"]
[BlackElo "1899"]
[PlyCount "48"]
[EventDate "2012.04.08"]
[EventType "swiss"]
[EventRounds "9"]
[EventCountry "GER"]
[SourceTitle "EXT 2022"]
[Source "ChessBase"]
[SourceDate "2021.10.06"]
[SourceVersion "1"]
[SourceVersionDate "2021.10.06"]
[SourceQuality "1"]

1. d4 Nf6 2. c4 g6 3. g3 Bg7 4. Bg2 d5 5. cxd5 Nxd5 6. e4 Nb6 7. Ne2 0-0 8. 0-0 Bg4 9. Nbc3 e5 10. d5 c6 11. h3 Bd7 12. Qb3 Na6 13. Be3 c5 14. a4 c4 15. Bxb6 cxb3 16. Bxd8 Rfxd8 17. Nc1 Nc5 18. Ra3 Bf8 19. Nxb3 Nd3 20. Ra2 Rac8 21. Nc1 Nxb2 22. Rxb2 Rxc3 23. Rxb7 a5 24. Nb3 Bb4 1/2-1/2

[Event "Berlin Eckbauer op 14th"]
[Site "Berlin"]
[Date "2011.10.17"]
[Round "1.6"]
[White "Stoeckel, Johannes"]
[Black "Keskowski, Thilo"]
[Result "0-1"]
[WhiteElo "1879"]
[BlackElo "2127"]
[PlyCount "44"]
[EventDate "2011.10.17"]
[EventType "swiss"]
[EventRounds "7"]
[EventCountry "GER"]
[SourceTitle "EXT 2022"]
[Source "ChessBase"]
[SourceDate "2021.10.06"]
[SourceVersion "1"]
[SourceVersionDate "2021.10.06"]
[SourceQuality "1"]

1. Nf3 d5 2. c4 e6 3. g3 Nf6 4. Bg2 Be7 5. 0-0 0-0 6. d4 dxc4 7. Ne5 c5 8. dxc5 Qc7 9. Nxc4 Bxc5 10. Qb3 Nc6 11. e3 e5 12. Nbd2 Be6 13. Qc3 Nd5 14. Bxd5 Bxd5 15. e4 Be6 16. Kg2 Bb4 17. Qe3 Nd4 18. Qd3 Rfd8 19. a3 Bxd2 20. Nxd2 Nc2 21. Qc3 Qxc3 22. bxc3 Nxa1 0-1